000 00400nam a22001457a 4500
020 _a9780071289597
082 _222
_a005.75
100 _aSilberschatz, Abraham...[et al.]
245 _aDatabase system concept /
250 _a6 th.
260 _aNew Delhi,
_bThe McGrew Hill,
_cc2011.
300 _axxvi,1349 p. ;
_bill. ;
_c24 cm.
700 _aKarth, Henry F. and Sudarshan S.
942 _2ddc
_cIT
_08
999 _c3344
_d3344